00820nam a2200205 a 450000100100000000500170001000800410002702000150006804000250008324501200010826000620022830000360029050000380032670000330036470000310039770000330042870000310046195201050049299900170059700004261620201002040257.0140131s1983 sp ac 000 0 spa d a8439804210 aDO-SdBNPbspacBNPHU03aUn año para la esperanza. /cfotografías, Miguel Otero, Manuel López, Paco Elvira; prólogo, Ramón Rubial. aEspaña, :bEquipo de Documentación Política,c1983. a173 p. :bil., retrs. ;c21 cm. a365 días de gobierno socialista1 aRubial, Ramóneprol9698701 aOtero, Miguelefot.9698711 aLópez, Manuelefot.9698721 aElvira, Pacoetrad.969873 001050718MOaGRbGRcCTd2014-01-31iLF1l0o p42616-10r2020-06-25w2020-06-25y1ZNo se presta c42105d42105